| 000 | 00845nam a2200241 u 4500 | ||
|---|---|---|---|
| 005 | 20220830063503.0 | ||
| 008 | 181121s2016 ch r 000 0 spa d | ||
| 020 | _a9789213290330 | ||
| 035 | _aUPN01000228018 | ||
| 049 | _aCG | ||
| 050 | 4 |
_aS934 A4.4 _bA4.3 |
|
| 100 | 1 |
_aAltomonte, Hugo, _d1950- _942454 |
|
| 245 | 1 | 0 |
_aHacia una nueva gobernanza de los recursos naturales en América Latina y el Caribe / _cHugo Altomonte, Ricardo J. Sánchez. |
| 260 |
_aSantiago de Chile : _bCEPAL, _c2016. |
||
| 300 |
_a251 p. : _bgráfs., cuadros |
||
| 440 | 0 |
_aLibros CEPAL ; _v139 |
|
| 650 | 4 |
_aRECURSOS NATURALES - _zAMERICA LATINA _91579 |
|
| 650 | 7 |
_aConservación de los recursos naturales _2 _91580 |
|
| 651 | 4 |
_aCARIBE (REGION) - _xPOLITICA ECONOMICA _95139 |
|
| 700 | 1 |
_aSánchez, Ricardo J., _ecoaut. |
|
| 905 | _aLibro | ||
| 999 |
_c200113 _d200113 |
||